Investor's guide to stock market (Record no. 160157)

MARC details
000 -LEADER
fixed length control field 00392nam a2200157Ia 4500
008 - FIXED-LENGTH DATA ELEMENTS--GENERAL INFORMATION
fixed length control field 230917s9999||||xx |||||||||||||| ||und||
040 ## - CATALOGING SOURCE
-- 200078
Original cataloging agency VIVEKANANDA LIBRARY
041 ## - Language
-- English
082 ## - DDC NUMBER
Classification number 346.092 A38I(2)
100 ## - MAIN ENTRY--PERSONAL NAME
Personal name Agarwal, Sanjiv
245 #0 - TITLE STATEMENT
Title Investor's guide to stock market
250 ## - EDITION STATEMENT
Edition statement 2nd ed.
260 ## - PUBLICATION, DISTRIBUTION, ETC. (IMPRINT)
Place of publication, distribution, etc New Delhi
Name of publisher, distributor, etc Bharat Law House
Date of publication, distribution, etc 2001
300 ## - PHYSICAL DESCRIPTION
Pages 792 p.
942 ## - ADDED ENTRY ELEMENTS (KOHA)
Koha item type Books
Holdings
Withdrawn status Lost status Damaged status Not for loan Location (home branch) Sublocation or collection (holding branch) Date acquired Koha issues (times borrowed) Koha full call number Accession No. Koha date last seen Koha item type
        VIVEKANANDA LIBRARY VIVEKANANDA LIBRARY 27/06/2012   346.092 A38I(2) 293555 17/09/2023 Books
        VIVEKANANDA LIBRARY VIVEKANANDA LIBRARY 27/06/2012   346.092 A38I(2) 293556 17/09/2023 Books
        VIVEKANANDA LIBRARY VIVEKANANDA LIBRARY 27/06/2012   346.092 A38I(2) 293557 17/09/2023 Books
© Designed and Maintained by Vivekananda Library, MDU Rohtak